Inilah berita : Manual berita radio
| Main Author: | |
|---|---|
| Format: | Book |
| Published: |
Kuala Lumpur :
Dewan bahasa dan pustaka ,
1986
|
MARC
| LEADER | 00000cam a2200000 7i4500 | ||
|---|---|---|---|
| 001 | 0000057639 | ||
| 005 | 20160102.0 | ||
| 008 | 160102 | ||
| 090 | 0 | 0 | |a 070.194 |b MAE |
| 100 | 1 | |a Maeseneer,Paul De | |
| 245 | 1 | 0 | |a Inilah berita : |b Manual berita radio |c Paul De Maeseneer;Terjemahan Mohd Safar Hasim |
| 260 | |a Kuala Lumpur : |b Dewan bahasa dan pustaka , |c 1986 | ||
| 999 | |a 0000117049 |b Book |c Adult Collection |e Cawangan Mersing | ||
| 999 | |a 0000117050 |b Book |c Adult Collection |e Cawangan Pontian | ||